000 00997nam a22002295i 4500
001 155446
003 ES-MaACL
005 20251004063203.0
008 940202m18801885sp |||| | spa d
100 1 _aHinojosa y Naveros, Eduardo de,
_d1852-1919
_9125519
245 1 0 _aHistoria del derecho romano según las más recientes investigaciones /
_cpor Eduardo de Hinojosa.
260 _aMadrid :
_b[s.n.],
_c1880-1885 (
_fImp. de la Revista de Legislación)
300 _a2 v. (318; VIII, 399 p.) ;
_c23 cm.
490 1 _aBiblioteca jurídica de autores españoles ;
_v5, 16
530 _aDisponible en formato digital.
650 0 4 _aDerecho romano-
_vHistoria.
_911766
650 4 _aDerecho-
_zEuropa-
_xInfluencia romana.
_9155634
830 1 _aBiblioteca jurídica de autores españoles ;
_v5, 16
_9181120
852 _aES-MaACL
_jF-14633-34
_z- Enc. tela
856 _uhttp://bdh-rd.bne.es/viewer.vm?id=0000255830&page=1
_zBiblioteca Digital Hispánica
999 _c155446
_d155446